[Event "IECC O-3293"]
[Site "IECC email"]
[Date "2011.02.24"]
[Round "?"]
[White "Thibault, Bill"]
[Black "Beckett, Ian"]
[Result "1-0"]
[WhiteElo "1236"]
[BlackElo "1093"]
[PlyCount "59"]
[EventDate "2011.??.??"]
[EventType "swiss (corr)"]
[EventRounds "2"]
[SourceTitle "Telechess CBM 145"]
[Source "Chessbase"]
[SourceDate "2011.11.11"]
[SourceVersion "1"]
[SourceVersionDate "2011.11.11"]
[SourceQuality "1"]
[WhiteTeam "US of America"]
[BlackTeam "England"]
[WhiteTeamCountry "USA"]
[BlackTeamCountry "ENG"]

1. e4 e5 2. Nf3 Nc6 3. Bb5 a6 4. Ba4 Nf6 5. 0-0 Nxe4 6. d4 b5 7. Bb3 Nxd4 8. Bd5 c6 9. Bxe4 d5 10. Nxd4 dxe4 11. Nxc6 Qd7 12. Qxd7+ Bxd7 13. Nxe5 Rc8 14. Nxd7 Kxd7 15. Nc3 Rc4 16. Rd1+ Bd6 17. Bf4 Ke6 18. Rxd6+ Kf5 19. g3 Re8 20. Nd5 Re6 21. Ne3+ Kf6 22. Nxc4 g5 23. Rxe6+ Kxe6 24. Bxg5 f6 25. Bxf6 Kxf6 26. Ne3 Ke5 27. Rd1 b4 28. Nc4+ Kf5 29. Ne3+ Ke5 30. Rd5+ 1-0

[Event "IECC O-3253"]
[Site "IECC email"]
[Date "2010.12.03"]
[Round "?"]
[White "Thibault, Bill"]
[Black "Gnuva, Luca"]
[Result "1/2-1/2"]
[WhiteElo "1217"]
[BlackElo "1302"]
[PlyCount "62"]
[EventDate "2010.??.??"]
[EventType "swiss (corr)"]
[EventRounds "2"]
[SourceTitle "Telechess CBM 145"]
[Source "Chessbase"]
[SourceDate "2011.11.11"]
[SourceVersion "1"]
[SourceVersionDate "2011.11.11"]
[SourceQuality "1"]
[WhiteTeam "US of America"]
[BlackTeam "Italy"]
[WhiteTeamCountry "USA"]
[BlackTeamCountry "ITA"]

1. e4 c6 2. c4 d5 3. Nc3 e5 4. cxd5 cxd5 5. Nxd5 Nf6 6. Nxf6+ Qxf6 7. Nf3 Bd6 8. Bc4 0-0 9. h3 Nc6 10. 0-0 a6 11. d3 Be6 12. Bb3 Rac8 13. Bg5 Qg6 14. Bxe6 Qxe6 15. Be3 Rfe8 16. a3 h6 17. Rc1 Ne7 18. Qa4 Ng6 19. d4 exd4 20. Qxd4 Nf4 21. Bxf4 Bxf4 22. Rxc8 Rxc8 23. e5 Qc4 24. Qd7 Qc7 25. e6 fxe6 26. Qxe6+ Kh8 27. Re1 Qc6 28. Qf5 Bd6 29. Qe6 Bf4 30. Qf5 Bd6 31. Qe6 Bf4 1/2-1/2

[Event "IECC O-3127"]
[Site "IECC email"]
[Date "2010.04.11"]
[Round "?"]
[White "Stearns, Ron"]
[Black "Thibault, Bill"]
[Result "0-1"]
[WhiteElo "1281"]
[BlackElo "1123"]
[PlyCount "62"]
[EventDate "2010.??.??"]
[EventType "swiss (corr)"]
[EventRounds "2"]
[SourceTitle "Telechess CBM 149"]
[Source "ChessBase"]
[SourceDate "2012.07.17"]
[SourceVersion "1"]
[SourceVersionDate "2012.07.17"]
[SourceQuality "1"]
[WhiteTeam "US of America"]
[BlackTeam "US of America"]
[WhiteTeamCountry "USA"]
[BlackTeamCountry "USA"]

1. Nf3 c5 2. g3 b5 3. Bg2 Bb7 4. d3 e6 5. 0-0 Bd6 6. Nbd2 Nf6 7. e4 e5 8. a4 b4 9. Nc4 Qe7 10. Nh4 g6 11. Bh6 Nc6 12. c3 Ba6 13. cxb4 cxb4 14. Bg7 Rg8 15. Bh6 Bc5 16. h3 Bxc4 17. dxc4 0-0-0 18. Nf3 Nxe4 19. Qc2 Nxg3 20. Rfe1 Nf5 21. Bc1 f6 22. b3 Rde8 23. Bb2 a5 24. Rad1 e4 25. Kh2 Bb6 26. Rd2 Bxf2 27. Rxf2 Qd6+ 28. Kg1 exf3 29. Rxe8+ Rxe8 30. Rxf3 Re1+ 31. Kf2 Rd1 0-1

[Event "IECC O-3091"]
[Site "IECC email"]
[Date "2010.02.11"]
[Round "?"]
[White "Weber, Kurt Maxwell"]
[Black "Thibault, Bill"]
[Result "1-0"]
[WhiteElo "1000"]
[BlackElo "1132"]
[PlyCount "46"]
[EventDate "2010.??.??"]
[EventType "swiss (corr)"]
[EventRounds "2"]
[SourceTitle "Telechess CBM 149"]
[Source "ChessBase"]
[SourceDate "2012.07.17"]
[SourceVersion "1"]
[SourceVersionDate "2012.07.17"]
[SourceQuality "1"]
[WhiteTeam "US of America"]
[BlackTeam "US of America"]
[WhiteTeamCountry "USA"]
[BlackTeamCountry "USA"]

1. e4 c5 2. Nf3 d6 3. Nc3 Nf6 4. Bc4 e6 5. 0-0 d5 6. exd5 exd5 7. Bb5+ Bd7 8. Bxd7+ Qxd7 9. Ne5 Qd8 10. Ng4 Be7 11. Nxf6+ Bxf6 12. Re1+ Be7 13. Qh5 0-0 14. Nxd5 Re8 15. d3 Nc6 16. Bd2 Qd7 17. Nxe7+ Nxe7 18. Qxc5 Rac8 19. Qxa7 Rxc2 20. Bc3 Rd8 21. Qb6 Nf5 22. Rad1 Re8 23. Qxb7 Qd8 1-0

[Event "IECC O-3072"]
[Site "IECC email"]
[Date "2009.12.19"]
[Round "?"]
[White "Stringer Lester, Della Diane"]
[Black "Thibault, Bill"]
[Result "0-1"]
[WhiteElo "1027"]
[BlackElo "1068"]
[PlyCount "42"]
[EventDate "2009.??.??"]
[EventType "swiss (corr)"]
[EventRounds "2"]
[SourceTitle "Telechess CBM 137"]
[Source "ChessBase"]
[SourceDate "2010.07.15"]
[SourceVersion "1"]
[SourceVersionDate "2010.07.15"]
[SourceQuality "1"]
[WhiteTeam "US of America"]
[BlackTeam "US of America"]
[WhiteTeamCountry "USA"]
[BlackTeamCountry "USA"]

1. d4 d5 2. c4 c6 3. Nf3 Nf6 4. Nc3 dxc4 5. a4 Bf5 6. Ne5 c5 7. e3 cxd4 8. Bxc4 e6 9. Bb5+ Nfd7 10. exd4 Bb4 11. 0-0 0-0 12. g3 a6 13. Bc4 Bxc3 14. bxc3 Nxe5 15. dxe5 Qa5 16. Qe1 Bh3 17. Qe4 Bxf1 18. Qxb7 Qxc3 19. Rb1 Bxc4 20. Qxa8 Bd5 21. Qa7 Qe1# 0-1

[Event "IECC KO-1073"]
[Site "IECC email"]
[Date "2009.02.14"]
[Round "?"]
[White "Thibault, Bill"]
[Black "Pollard, Richard"]
[Result "1-0"]
[WhiteElo "1045"]
[BlackElo "1209"]
[PlyCount "31"]
[EventDate "2008.??.??"]
[EventType "match (corr)"]
[EventRounds "2"]
[SourceTitle "Corr 2011"]
[Source "ChessBase"]
[SourceDate "2010.08.31"]
[SourceVersion "1"]
[SourceVersionDate "2010.08.31"]
[SourceQuality "1"]
[WhiteTeam "US of America"]
[BlackTeam "US of America"]
[WhiteTeamCountry "USA"]
[BlackTeamCountry "USA"]

1. e4 c5 2. d4 cxd4 3. f4 e5 4. Nf3 d5 5. exd5 e4 6. Bb5+ Bd7 7. Qe2 Qa5+ 8. Bd2 Qxb5 9. Qxe4+ Be7 10. d6 Qxb2 11. 0-0 Qxa1 12. Nxd4 Nc6 13. Nc3 Nf6 14. Qe3 Qb2 15. Nxc6 bxc6 16. Qxe7# 1-0

[Event "IECC O-2407"]
[Site "IECC email"]
[Date "2006.06.14"]
[Round "?"]
[White "Thibault, Bill"]
[Black "Singh, Virender Pratap"]
[Result "0-1"]
[WhiteElo "1023"]
[BlackElo "975"]
[PlyCount "54"]
[EventDate "2006.??.??"]
[EventType "swiss (corr)"]
[EventRounds "2"]
[SourceTitle "Corr 2020"]
[Source "ChessBase"]
[SourceDate "2019.09.30"]
[SourceVersion "1"]
[SourceVersionDate "2019.09.30"]
[SourceQuality "1"]
[WhiteTeam "United States"]
[BlackTeam "India"]
[WhiteTeamCountry "USA"]
[BlackTeamCountry "IND"]

1. d4 d5 2. c4 e6 3. Nc3 Nf6 4. Bf4 Bb4 5. Qa4+ Nc6 6. Nf3 0-0 7. a3 Bxc3+ 8. bxc3 Bd7 9. e3 Nxd4 10. Qd1 Nf5 11. Bd3 Ne4 12. Bg5 Nxg5 13. Bxf5 Nxf3+ 14. Qxf3 exf5 15. cxd5 Bb5 16. Qxf5 Bc4 17. e4 Re8 18. Rd1 Qe7 19. Rd4 Qc5 20. f3 Rad8 21. Kf2 Qxa3 22. Kg3 Qd6+ 23. Qf4 Re5 24. Rxc4 Rg5+ 25. Kf2 Qxf4 26. Rb1 Qd2+ 27. Kf1 Rxg2 0-1

[Event "IECC O-1856"]
[Site "IECC email"]
[Date "2004.01.13"]
[Round "?"]
[White "Thibault, Bill"]
[Black "Matheson, Sean"]
[Result "1/2-1/2"]
[WhiteElo "1007"]
[BlackElo "1176"]
[PlyCount "45"]
[EventDate "2004.??.??"]
[EventType "swiss (corr)"]
[EventRounds "2"]
[SourceTitle "Corr 2020"]
[Source "ChessBase"]
[SourceDate "2019.09.30"]
[SourceVersion "1"]
[SourceVersionDate "2019.09.30"]
[SourceQuality "1"]
[WhiteTeam "United States"]
[BlackTeam "South Africa"]
[WhiteTeamCountry "USA"]
[BlackTeamCountry "RSA"]

1. e4 Nf6 2. e5 Nd5 3. c4 Nb6 4. d4 d6 5. f4 g6 6. c5 dxc5 7. Bb5+ Bd7 8. Be2 cxd4 9. Qxd4 Nc6 10. Qd1 Na5 11. Nf3 e6 12. 0-0 Bc5+ 13. Nd4 Ba4 14. Qe1 Qxd4+ 15. Kh1 Nac4 16. Nc3 Ne3 17. Bxe3 Qxe3 18. Nxa4 Nxa4 19. Bb5+ c6 20. Bxa4 Qxe1 21. Rfxe1 0-0 22. a3 Rad8 23. b4 1/2-1/2